[Event "CAN-op"]
[Site "Edmonton CAN"]
[Date "1989.07.19"]
[Round "6"]
[White "Huber, Greg"]
[Black "Hergott, Deen"]
[Result "0-1"]
[WhiteElo "2118"]
[BlackElo "2467"]
[PlyCount "78"]
[EventDate "1989.07.15"]
[EventType "swiss"]
[EventRounds "10"]
[EventCountry "CAN"]

1. c3 Nf6 2. g3 d5 3. Bg2 c6 4. Nf3 Bf5 5. O-O e6 6. d4 Bd6 7. Ne5 Nbd7 8. Bf4
Qc7 9. Nxd7 Qxd7 10. Nd2 Bxf4 11. gxf4 Qc7 12. e3 g5 13. fxg5 Ng4 14. Nf3 Be4
15. Re1 Bxf3 16. Qxf3 Qxh2+ 17. Kf1 Qh4 18. Ke2 Qxg5 19. Bh3 h5 20. Rh1 f5 21.
Rag1 O-O-O 22. Bxg4 fxg4 23. Qf7 Rde8 24. f4 Qf5 25. Qxf5 exf5 26. Rh4 Re6 27.
Kf2 Kd7 28. Re1 Ke7 29. Reh1 Reh6 30. Rc1 Kf7 31. Rch1 Kg6 32. Rd1 R6h7 33.
Rdh1 Re7 34. Re1 b6 35. Re2 c5 36. dxc5 bxc5 37. Rd2 Rhe8 38. Rxd5 Rxe3 39.
Rxc5 Re2+ 0-1

[Event "CAN-op"]
[Site "Edmonton CAN"]
[Date "1989.07.20"]
[Round "7"]
[White "Hergott, Deen"]
[Black "Ross, Dave"]
[Result "1-0"]
[WhiteElo "2467"]
[BlackElo "2309"]
[PlyCount "43"]
[EventDate "1989.07.15"]
[EventType "swiss"]
[EventRounds "10"]
[EventCountry "CAN"]

1. Nf3 Nf6 2. g3 b6 3. Bg2 Bb7 4. O-O c5 5. d3 g6 6. e4 Bg7 7. Nbd2 d5 8. e5
Nfd7 9. Re1 Nc6 10. e6 fxe6 11. Ng5 Nf8 12. Qf3 Bf6 13. Nxe6 Nxe6 14. Rxe6 Qc8
15. Qxf6 Rf8 16. Rxc6 Bxc6 17. Qe5 Qg4 18. Nf1 Rd8 19. Bg5 Rd7 20. Re1 Rf5 21.
Qb8+ Kf7 22. Bh6 1-0

[Event "CAN-op"]
[Site "Edmonton CAN"]
[Date "1989.07.21"]
[Round "8"]
[White "Hergott, Deen"]
[Black "Tukmakov, Vladimir"]
[Result "1/2-1/2"]
[WhiteElo "2467"]
[BlackElo "2590"]
[PlyCount "56"]
[EventDate "1989.07.15"]
[EventType "swiss"]
[EventRounds "10"]
[EventCountry "CAN"]

1. Nf3 Nf6 2. c4 b6 3. g3 Bb7 4. Bg2 e6 5. O-O Be7 6. Nc3 O-O 7. d4 d5 8. Ne5
Na6 9. cxd5 exd5 10. Qa4 Qe8 11. Qb3 Rd8 12. Bg5 Ne4 13. Bxe7 Qxe7 14. Rfd1 c5
15. Qa3 Rfe8 16. e3 f6 17. Nd3 c4 18. Qxe7 Rxe7 19. Nf4 g5 20. Nh5 Kf7 21. Nxe4
dxe4 22. Bf1 Rc7 23. Rdc1 Bd5 24. b3 b5 25. bxc4 Bxc4 26. g4 Nb4 27. Ng3 Nd3
28. Rc2 Nb4 1/2-1/2

[Event "CAN-ch"]
[Site "Windsor CAN"]
[Date "1989.??.??"]
[Round "?"]
[White "Hergott, Deen"]
[Black "Ross, Paul"]
[Result "1-0"]
[WhiteElo "2365"]
[BlackElo "2260"]
[PlyCount "125"]
[EventDate "1989.06.10"]
[EventType "tourn"]
[EventRounds "15"]
[EventCountry "CAN"]

1. e4 e6 2. d4 d5 3. Nc3 Bb4 4. a3 Bxc3+ 5. bxc3 dxe4 6. Qg4 Nf6 7. Qxg7 Rg8 8.
Qh6 b6 9. Bg5 Rg6 10. Qh4 Bb7 11. Ne2 h6 12. Bxh6 Rg4 13. Qh3 Qd6 14. c4 Nbd7
15. Qb3 O-O-O 16. h3 Rgg8 17. Be3 c5 18. Nc3 Kb8 19. Nb5 Qe7 20. Bf4+ e5 21.
dxe5 Nxe5 22. Qb2 Rge8 23. Rd1 Rxd1+ 24. Kxd1 Nfd7 25. Kc1 a6 26. Nc3 Ka7 27.
Be2 Ng6 28. Be3 f5 29. g3 Qf7 30. Rd1 f4 31. gxf4 Nxf4 32. Bf1 Ne5 33. Rd6 Qc7
34. Rf6 Nh5 35. Rh6 Ng7 36. Na4 Re6 37. Rxe6 Nxe6 38. Nxb6 Nf3 39. Nd5 Qa5 40.
Qc3 Qd8 41. Be2 Nfd4 42. Bg4 Bxd5 43. cxd5 Qxd5 44. Bxe6 Nxe6 45. h4 Nd4 46.
Kb2 Ne6 47. Qb3 Qe5+ 48. Qc3 Qd5 49. Qb3 Qe5+ 50. Ka2 Nd4 51. Qc4 Kb6 52. h5
Qxh5 53. Bxd4 cxd4 54. Qxd4+ Kc7 55. Qa7+ Kd8 56. Qa8+ Kc7 57. Qa7+ Kd8 58.
Qxa6 Qd5+ 59. Kb2 Qd4+ 60. Kb3 Qd5+ 61. Qc4 Qb7+ 62. Kc3 Ke8 63. Qg8+ 1-0

[Event "Specialiste Printanier"]
[Site "Montreal CAN"]
[Date "1989.04.08"]
[Round "1"]
[White "Hergott, Deen"]
[Black "Morin, Louis"]
[Result "1/2-1/2"]
[WhiteElo "2420"]
[BlackElo "1980"]
[PlyCount "92"]
[EventDate "1989.04.08"]
[EventType "swiss"]
[EventRounds "4"]
[EventCountry "CAN"]

1. c4 e6 2. Nf3 d5 3. g3 Nf6 4. Bg2 Be7 5. O-O O-O 6. d4 c5 7. cxd5 exd5 8.
dxc5 Bxc5 9. Nc3 Nc6 10. Na4 Be7 11. Be3 Re8 12. Rc1 Bg4 13. a3 Qd7 14. Bc5 Ne4
15. Bxe7 Qxe7 16. Nd4 Nxd4 17. Qxd4 Bxe2 18. Rfe1 Qf6 19. Qxf6 Nxf6 20. Nc5 b6
21. Nb3 Bc4 22. Nd4 Rxe1+ 23. Rxe1 Kf8 24. Rc1 Rc8 25. Bh3 Re8 26. f3 Re3 27.
Bf5 g6 28. Kf2 Re7 29. Bc8 Ne8 30. b3 Rc7 31. Bh3 Bd3 32. Rc6 Bb5 33. Rxc7 Nxc7
34. Ke3 Ke7 35. f4 Kd6 36. g4 Bd7 37. f5 g5 38. Bf1 f6 39. Bd3 Bc8 40. b4 Bd7
41. Bf1 a6 42. Bd3 Bb5 43. Bxb5 Nxb5 44. Nxb5+ axb5 45. Kd4 Kc6 46. Kd3 Kd6
1/2-1/2

[Event "Carnaval"]
[Site "Quebec CAN"]
[Date "1989.02.05"]
[Round "4"]
[White "Hergott, Deen"]
[Black "Morin, Louis"]
[Result "1-0"]
[WhiteElo "2215"]
[BlackElo "1940"]
[PlyCount "79"]
[EventDate "1989.02.03"]
[EventType "swiss"]
[EventRounds "5"]
[EventCountry "CAN"]

1. Nf3 d5 2. g3 c5 3. Bg2 Nc6 4. d4 e6 5. O-O Nf6 6. c4 Be7 7. cxd5 exd5 8. Nc3
O-O 9. dxc5 Bxc5 10. Bg5 Be6 11. Bxf6 Qxf6 12. Nxd5 Qxb2 13. Nc7 Rad8 14. Qc1
Qxc1 15. Raxc1 b6 16. Nxe6 fxe6 17. Bh3 Rf6 18. Ng5 Nd4 19. Rfe1 Rg6 20. Ne4
Bb4 21. Red1 Nxe2+ 22. Kf1 Nd4 23. Rc4 Bc5 24. Nxc5 bxc5 25. Rxc5 Rf6 26. Ra5
Rd6 27. Rxa7 e5 28. Re7 Ra6 29. Rxe5 Nf3 30. Rf5 Nxh2+ 31. Kg2 Rxf5 32. Bxf5
Rf6 33. Rd8+ Kf7 34. Bxh7 Ng4 35. Bg8+ Kg6 36. Rd2 Rf8 37. Be6 Nf6 38. a4 Ne4
39. Rc2 Nf6 40. Rc8 1-0

[Event "Carnaval"]
[Site "Quebec CAN"]
[Date "1989.02.05"]
[Round "5"]
[White "Hergott, Deen"]
[Black "Auger, Bertrand"]
[Result "1-0"]
[WhiteElo "2400"]
[BlackElo "2000"]
[PlyCount "33"]
[EventDate "1989.02.03"]
[EventType "swiss"]
[EventRounds "5"]
[EventCountry "CAN"]

1. d4 d5 2. Nf3 Nf6 3. c4 c6 4. Nc3 dxc4 5. a4 Bf5 6. Ne5 e6 7. f3 Nbd7 8. e4
Bg6 9. Nxc4 Qc7 10. Qc2 O-O-O 11. g3 e5 12. dxe5 Nxe5 13. Bh3+ Nfd7 14. Nxe5
Qxe5 15. f4 Qa5 16. f5 Bb4 17. O-O 1-0

[Event "Toronto Class ch"]
[Site "Toronto CAN"]
[Date "1989.01.28"]
[Round "4"]
[White "Bailey, Doug"]
[Black "Hergott, Deen"]
[Result "0-1"]
[WhiteElo "2423"]
[BlackElo "2480"]
[PlyCount "54"]
[EventDate "1989.01.27"]
[EventType "swiss"]
[EventRounds "5"]
[EventCountry "CAN"]

1. e4 g6 2. d4 d6 3. Nc3 Bg7 4. f4 c6 5. Be3 Qb6 6. Qd2 Qxb2 7. Rb1 Qa3 8. Nf3
Nf6 9. h3 d5 10. e5 Ne4 11. Nxe4 dxe4 12. Ng5 Qxa2 13. Rb3 O-O 14. Be2 h6 15.
Nxe4 Bf5 16. Nc3 Qxc2 17. Qxc2 Bxc2 18. Rxb7 Rd8 19. g4 g5 20. f5 c5 21. Rb2
cxd4 22. Rxc2 dxe3 23. Bf3 Na6 24. Bxa8 Nb4 25. Be4 Nxc2+ 26. Ke2 Rd2+ 27. Kf3
Rf2+ 0-1

[Event "RA O'Keefe"]
[Site "Ottawa CAN"]
[Date "1989.??.??"]
[Round "?"]
[White "Sexton, Frank"]
[Black "Hergott, Deen"]
[Result "0-1"]
[WhiteElo "2194"]
[BlackElo "2437"]
[PlyCount "62"]
[EventDate "1989.??.??"]
[EventType "swiss"]
[EventRounds "6"]
[EventCountry "CAN"]
[SourceDate "2011.01.01"]

1. e4 c5 2. Nf3 Nc6 3. Bb5 g6 4. O-O Bg7 5. c3 e5 6. Re1 Nge7 7. d3 a6 8. Ba4
b5 9. Bb3 O-O 10. Be3 d6 11. h3 Be6 12. Bxe6 fxe6 13. a4 Rb8 14. axb5 axb5 15.
d4 exd4 16. cxd4 cxd4 17. Nxd4 Nxd4 18. Bxd4 Bxd4 19. Qxd4 Nc6 20. Qe3 Qf6 21.
Nc3 b4 22. Nd1 Nd4 23. Qd3 e5 24. Qc4+ Kh8 25. Ra7 Rfc8 26. Rc7 Rxc7 27. Qxc7
Rf8 28. f3 Nxf3+ 29. gxf3 Qxf3 30. Kh2 Qf4+ 31. Kh1 Qg3 0-1

[Event "Belgrade GMA op"]
[Site "Belgrade YUG"]
[Date "1988.??.??"]
[Round "?"]
[White "Hergott, Deen"]
[Black "Cebalo, Miso"]
[Result "1/2-1/2"]
[WhiteElo "2365"]
[BlackElo "2510"]
[PlyCount "47"]
[EventDate "1988.12.??"]
[EventType "swiss"]
[EventRounds "9"]
[EventCountry "YUG"]

1. d4 Nf6 2. Nf3 e6 3. c4 c5 4. g3 cxd4 5. Nxd4 d5 6. Bg2 e5 7. Nc2 d4 8. f4
Nc6 9. fxe5 Ng4 10. Bxc6+ bxc6 11. Qxd4 Bf5 12. Nc3 Qa5 13. Ne3 Bc5 14. Qf4
Bxe3 15. Qxf5 Bxc1 16. Rxc1 Nxe5 17. O-O O-O 18. b4 Qc7 19. c5 Qe7 20. Rf4 a5
21. a3 axb4 22. axb4 f6 23. Rd4 Rfe8 24. Ne4 1/2-1/2

[Event "Belgrade GMA op"]
[Site "Belgrade YUG"]
[Date "1988.??.??"]
[Round "?"]
[White "Hergott, Deen"]
[Black "Marjanovic, Slavoljub"]
[Result "1/2-1/2"]
[WhiteElo "2485"]
[BlackElo "2365"]
[PlyCount "63"]
[EventDate "1988.12.??"]
[EventType "swiss"]
[EventRounds "9"]
[EventCountry "YUG"]

1. d4 d5 2. Nf3 Nf6 3. c4 dxc4 4. Nc3 c6 5. a4 Bf5 6. Ne5 e6 7. f3 Bb4 8. e4
Bxe4 9. fxe4 Nxe4 10. Bd2 Qxd4 11. Nxe4 Qxe4+ 12. Qe2 Bxd2+ 13. Kxd2 Qd5+ 14.
Kc2 Na6 15. Nxc4 O-O-O 16. Qe3 Nc5 17. Be2 Qxg2 18. Rhg1 Qxh2 19. Rh1 Qg2 20.
Rag1 Qe4+ 21. Qxe4 Nxe4 22. Rxg7 Rd4 23. a5 h5 24. Rh4 f5 25. a6 bxa6 26. Rxa7
Rh6 27. Rh3 h4 28. Rb3 Nc5 29. Ra8+ Kc7 30. Ra7+ Kc8 31. Ra8+ Kc7 32. Ra7+
1/2-1/2

[Event "Belgrade GMA op"]
[Site "Belgrade YUG"]
[Date "1988.??.??"]
[Round "?"]
[White "Hergott, Deen"]
[Black "Shamkovich, Leonid"]
[Result "0-1"]
[WhiteElo "2365"]
[BlackElo "2450"]
[PlyCount "70"]
[EventDate "1988.12.??"]
[EventType "swiss"]
[EventRounds "9"]
[EventCountry "YUG"]

1. d4 d6 2. e4 g6 3. Nc3 Bg7 4. Nf3 Bg4 5. Be2 Nc6 6. Be3 Bxf3 7. Bxf3 e6 8. d5
exd5 9. Nxd5 Nf6 10. O-O Nxd5 11. Qxd5 O-O 12. Rad1 Rb8 13. c3 Re8 14. Rfe1 a6
15. g3 Ne5 16. Be2 Qd7 17. Kg2 h5 18. h3 b5 19. f4 Nc4 20. Bc1 Nb6 21. Qd3 Qe6
22. f5 Qxa2 23. e5 Rxe5 24. fxg6 fxg6 25. Bf3 Qe6 26. Rxe5 Bxe5 27. Be4 Kg7 28.
Qe3 Rh8 29. Rf1 Nd5 30. Qf3 Nf6 31. Bb7 d5 32. Bg5 Ne4 33. h4 Bxg3 34. Bxd5
Qxd5 35. Rd1 Qe6 0-1

[Event "Belgrade GMA op"]
[Site "Belgrade YUG"]
[Date "1988.??.??"]
[Round "?"]
[White "Hergott, Deen"]
[Black "Subasic, Ilijas"]
[Result "1-0"]
[WhiteElo "2365"]
[BlackElo "2280"]
[PlyCount "81"]
[EventDate "1988.12.??"]
[EventType "swiss"]
[EventRounds "9"]
[EventCountry "YUG"]

1. d4 Nf6 2. Nf3 g6 3. c4 Bg7 4. Nc3 d5 5. Bg5 dxc4 6. e3 O-O 7. Bxc4 c5 8.
dxc5 Qa5 9. O-O Nc6 10. Rc1 Qxc5 11. Nd5 Qa5 12. b4 Qd8 13. Qb3 Nxd5 14. Bxd5
Nxb4 15. Bxf7+ Rxf7 16. Qxb4 Qe8 17. Rfd1 h6 18. Bh4 g5 19. Bg3 e5 20. h4 a5
21. Qc5 Bg4 22. hxg5 e4 23. Ne5 Bxe5 24. Bxe5 Bxd1 25. g6 Rd7 26. Qc4+ Kf8 27.
g7+ Ke7 28. Qxe4 Qh5 29. Bb8+ Kf7 30. Qh7 Kf6 31. g8=Q Rxh7 32. Qxh7 Rxb8 33.
Rc7 Re8 34. Qg7+ Ke6 35. Qd7+ Kf6 36. Qg7+ Ke6 37. Qd7+ Kf6 38. Qd6+ Re6 39.
Qf8+ Kg5 40. Rc5+ Kh4 41. Qf4+ 1-0

[Event "Belgrade GMA op"]
[Site "Belgrade YUG"]
[Date "1988.??.??"]
[Round "?"]
[White "Krnic, Zdenko"]
[Black "Hergott, Deen"]
[Result "1-0"]
[WhiteElo "2430"]
[BlackElo "2365"]
[PlyCount "121"]
[EventDate "1988.12.??"]
[EventType "swiss"]
[EventRounds "9"]
[EventCountry "YUG"]

1. Nf3 Nc6 2. d4 d5 3. Bf4 Bg4 4. e3 e6 5. Be2 Bd6 6. Bxd6 cxd6 7. c3 Nf6 8.
O-O O-O 9. Nbd2 Qb6 10. Qb3 Qc7 11. Rac1 Rfc8 12. h3 Bh5 13. Bd3 Na5 14. Qc2
Nc4 15. b3 Nxd2 16. Nxd2 e5 17. Rfe1 e4 18. Bf1 Qe7 19. c4 dxc4 20. bxc4 b6 21.
Qa4 Rc7 22. Qb5 Bg6 23. Nb3 Nd7 24. Rc2 Rf8 25. Rec1 f5 26. g3 Be8 27. Qd5+ Kh8
28. Bg2 Nf6 29. Qxf5 h6 30. c5 dxc5 31. dxc5 Bd7 32. Qf4 Rfc8 33. c6 Rxc6 34.
Rxc6 Rxc6 35. Rxc6 Bxc6 36. Nd4 Bd5 37. Nf5 Qd8 38. a3 Kh7 39. g4 a5 40. Qe5
Bc6 41. Nd6 Qc7 42. Bf1 Be8 43. Bc4 Bg6 44. Qd4 Qd7 45. Bb5 Qe6 46. Nc4 Qd5 47.
Qxd5 Nxd5 48. Bc6 Bf7 49. Nd6 Be6 50. Nxe4 Nc7 51. Nd6 h5 52. gxh5 Bxh3 53. Nc4
Kh6 54. Nxb6 Be6 55. Kg2 Kxh5 56. Kf3 g5 57. Ke4 Bb3 58. Ke5 g4 59. Bd7 Na6 60.
Kd6 Kh4 61. Bc8 1-0

[Event "Belgrade GMA op"]
[Site "Belgrade YUG"]
[Date "1988.??.??"]
[Round "?"]
[White "Nikolic, Stanimir"]
[Black "Hergott, Deen"]
[Result "1/2-1/2"]
[WhiteElo "2320"]
[BlackElo "2365"]
[PlyCount "146"]
[EventDate "1988.12.??"]
[EventType "swiss"]
[EventRounds "9"]
[EventCountry "YUG"]

1. d4 g6 2. e4 d6 3. Nc3 Bg7 4. Nf3 a6 5. a4 Bg4 6. Be3 Nc6 7. Be2 e5 8. d5
Bxf3 9. Bxf3 Nd4 10. Bxd4 exd4 11. Ne2 Qf6 12. Qd3 Ne7 13. O-O c5 14. a5 Rc8
15. c3 O-O 16. cxd4 cxd4 17. Ra4 Rc5 18. Nxd4 Rfc8 19. Bd1 R8c7 20. g3 h5 21.
f4 h4 22. Nb3 Rb5 23. Rf2 hxg3 24. hxg3 g5 25. Qf3 Ng6 26. Qg4 gxf4 27. gxf4
Qh4 28. Qxh4 Nxh4 29. Kh2 f5 30. Nd4 Rc1 31. Bh5 Bxd4 32. Rxd4 fxe4 33. Rxe4
Rxd5 34. Bg4 Nf5 35. Rg2 Kf8 36. Re6 Ng7 37. Rf6+ Ke7 38. Rh6 Nf5 39. Re2+ Kf7
40. Rh7+ Kg6 41. Rxb7 Kf6 42. Rb8 Nd4 43. Re4 Nb5 44. Re6+ Kf7 45. Re2 Nd4 46.
Rb7+ Kf6 47. Ree7 Nf5 48. Rf7+ Kg6 49. Bxf5+ Rxf5 50. Rfd7 Rxa5 51. Rxd6+ Kf5
52. Rf7+ Kg4 53. Rg6+ Kf3 54. Rg3+ Ke4 55. Rg2 Rc8 56. Re7+ Kf3 57. Re1 Rh8+
58. Kg1 Kxf4 59. Rf2+ Kg5 60. Re3 Rf5 61. Rg2+ Kf6 62. Rc3 Re8 63. Rc6+ Re6 64.
Rg6+ Kxg6 65. Rxe6+ Rf6 66. Rxf6+ Kxf6 67. Kf2 Ke5 68. Ke3 Kd5 69. Kd3 Kc5 70.
Kc3 a5 71. b3 Kb5 72. Kd2 a4 73. bxa4+ Kxa4 1/2-1/2

[Event "Groningen op"]
[Site "Groningen NED"]
[Date "1988.??.??"]
[Round "?"]
[White "Blatny, Pavel"]
[Black "Hergott, Deen"]
[Result "1/2-1/2"]
[WhiteElo "2440"]
[BlackElo "2320"]
[PlyCount "68"]
[EventDate "1988.12.??"]
[EventType "swiss"]
[EventRounds "9"]
[EventCountry "NED"]

1. e4 e6 2. d4 d5 3. Nc3 Nf6 4. e5 Nfd7 5. f4 c5 6. Nf3 Nc6 7. Be3 cxd4 8. Nxd4
Bc5 9. Qd2 a6 10. O-O-O O-O 11. g4 Bxd4 12. Bxd4 b5 13. Qe3 b4 14. Na4 Nxd4 15.
Qxd4 Qa5 16. b3 Bb7 17. Kb1 Rfc8 18. f5 Bc6 19. Nb2 Qc5 20. Qxc5 Nxc5 21. Bg2
a5 22. Rd4 Rcb8 23. Rc1 a4 24. Nd3 Nxd3 25. Rxd3 Ra6 26. Rd4 Bd7 27. Bf1 Ra5
28. Bd3 f6 29. Re1 axb3 30. cxb3 Rba8 31. Rxb4 Rxa2 32. Rb8+ Rxb8 33. Kxa2 fxe5
34. Rxe5 Kf7 1/2-1/2

[Event "Groningen op"]
[Site "Groningen NED"]
[Date "1988.??.??"]
[Round "?"]
[White "De Boer, Gert Jan"]
[Black "Hergott, Deen"]
[Result "0-1"]
[WhiteElo "2390"]
[BlackElo "2320"]
[PlyCount "50"]
[EventDate "1988.12.??"]
[EventType "swiss"]
[EventRounds "9"]
[EventCountry "NED"]

1. d4 g6 2. c4 Bg7 3. Nc3 c5 4. d5 Bxc3+ 5. bxc3 f5 6. e4 fxe4 7. h4 Qa5 8. h5
d6 9. Bd2 gxh5 10. Qxh5+ Kd8 11. Ne2 Nf6 12. Qh4 Nbd7 13. Ng3 Ne5 14. Be2 Bd7
15. O-O Kc7 16. Qf4 Raf8 17. Qe3 Qa4 18. Nxe4 Nxc4 19. Bxc4 Qxc4 20. Nxf6 Rxf6
21. Qxe7 Rg6 22. f3 Rhg8 23. Rf2 R8g7 24. Qe1 Bh3 25. g4 Bxg4 0-1

[Event "Groningen op"]
[Site "Groningen NED"]
[Date "1988.??.??"]
[Round "?"]
[White "Hergott, Deen"]
[Black "Howell, Jason"]
[Result "1/2-1/2"]
[WhiteElo "2320"]
[BlackElo "2380"]
[PlyCount "75"]
[EventDate "1988.12.??"]
[EventType "swiss"]
[EventRounds "9"]
[EventCountry "NED"]

1. Nf3 Nf6 2. c4 b6 3. d4 e6 4. a3 Bb7 5. Nc3 d5 6. cxd5 Nxd5 7. Qc2 Nxc3 8.
Qxc3 h6 9. b4 Nd7 10. e3 Be7 11. Bb2 O-O 12. Bb5 c6 13. Bxc6 Rc8 14. d5 Bf6 15.
Qb3 Bxc6 16. dxc6 Rxc6 17. Nd4 Bxd4 18. Bxd4 Qg5 19. O-O Rfc8 20. Rad1 Nf6 21.
Qa4 R6c7 22. Bxf6 Qxf6 23. h3 Qb2 24. Kh2 a5 25. bxa5 Qe5+ 26. Kg1 bxa5 27. Rd4
Rc3 28. Rfd1 Qc5 29. Rd8+ Rxd8 30. Rxd8+ Kh7 31. Qe4+ Qf5 32. Qxf5+ exf5 33. a4
f4 34. Rd5 fxe3 35. fxe3 Rxe3 36. Rxa5 Ra3 37. h4 g6 38. Kf2 1/2-1/2

[Event "Groningen op"]
[Site "Groningen NED"]
[Date "1988.??.??"]
[Round "?"]
[White "Hergott, Deen"]
[Black "Kuijf, Marinus"]
[Result "1/2-1/2"]
[WhiteElo "2320"]
[BlackElo "2420"]
[PlyCount "54"]
[EventDate "1988.12.??"]
[EventType "swiss"]
[EventRounds "9"]
[EventCountry "NED"]

1. d4 d5 2. Nf3 Nf6 3. c4 c6 4. Nc3 e6 5. g3 dxc4 6. Ne5 Nbd7 7. Nxc4 b5 8. Nd2
Bb7 9. Bg2 Qb6 10. Nde4 Nxe4 11. Nxe4 Bb4+ 12. Bd2 Qxd4 13. Bc3 Bxc3+ 14. bxc3
Qxd1+ 15. Rxd1 Ke7 16. Nd6 Rab8 17. Nxb7 Rxb7 18. Bxc6 Rc7 19. Bxb5 Nc5 20. O-O
Rb8 21. Rb1 Rcb7 22. Bd3 Rb2 23. Rxb2 Rxb2 24. Ra1 Na4 25. Bc4 Nxc3 26. Rc1
Nxa2 27. Ra1 Nc3 1/2-1/2

[Event "Groningen op"]
[Site "Groningen NED"]
[Date "1988.??.??"]
[Round "?"]
[White "Hergott, Deen"]
[Black "Van de Oudeweetering, Arthur"]
[Result "1-0"]
[WhiteElo "2320"]
[BlackElo "2310"]
[PlyCount "67"]
[EventDate "1988.12.??"]
[EventType "swiss"]
[EventRounds "9"]
[EventCountry "NED"]

1. d4 d5 2. Nf3 Nf6 3. c4 c6 4. Nc3 e6 5. Bg5 dxc4 6. e4 b5 7. e5 h6 8. Bh4 g5
9. exf6 gxh4 10. Ne5 Qxf6 11. a4 c5 12. axb5 Bb7 13. Be2 Bg7 14. Bf3 Bxf3 15.
Nxf3 cxd4 16. Nxd4 O-O 17. Nf3 h3 18. gxh3 Rd8 19. Qe2 Nd7 20. O-O Nb6 21. Rfd1
Nd5 22. Nxd5 Qg6+ 23. Kh1 exd5 24. Rg1 Qe4 25. Qxe4 dxe4 26. Ne5 Rd5 27. Nxc4
Rxb5 28. Nd6 Re5 29. Ra4 f5 30. Rc4 Kh7 31. Rc7 Rg8 32. Rf7 Re6 33. Nxf5 Rg6
34. Rxa7 1-0

[Event "Groningen op"]
[Site "Groningen NED"]
[Date "1988.??.??"]
[Round "?"]
[White "Norwood, David"]
[Black "Hergott, Deen"]
[Result "1-0"]
[WhiteElo "2460"]
[BlackElo "2320"]
[PlyCount "99"]
[EventDate "1988.12.??"]
[EventType "swiss"]
[EventRounds "9"]
[EventCountry "NED"]

1. d4 g6 2. e4 d6 3. Nc3 Bg7 4. Be3 c6 5. a4 Nf6 6. h3 Qa5 7. Qd2 Na6 8. g4 Nb4
9. Bg2 d5 10. e5 Ne4 11. Bxe4 dxe4 12. Rc1 Be6 13. Nxe4 Bd5 14. f3 Bxe4 15.
fxe4 c5 16. d5 h5 17. c3 Na6 18. gxh5 Qxa4 19. hxg6 fxg6 20. Qg2 O-O-O 21. Qg4+
Kb8 22. Nf3 Qc4 23. Nd2 Qb5 24. Qg3 e6 25. b3 Qd3 26. Bf4 Qxg3+ 27. Bxg3 exd5
28. exd5 Rxd5 29. Nf3 Nc7 30. Ke2 Ne6 31. h4 Rhd8 32. Bh2 Bh6 33. Rcg1 Nf4+ 34.
Bxf4 Bxf4 35. Rxg6 Bxe5 36. c4 R5d7 37. Nxe5 Re7 38. Rg5 Rde8 39. h5 Rxe5+ 40.
Rxe5 Rxe5+ 41. Kf3 b6 42. h6 Re8 43. h7 Rh8 44. Ke4 Kb7 45. Kf5 b5 46. Rh6 bxc4
47. bxc4 a5 48. Kf6 a4 49. Kg7 Rxh7+ 50. Kxh7 1-0

[Event "Groningen op"]
[Site "Groningen NED"]
[Date "1988.??.??"]
[Round "?"]
[White "Van Mil, Johannes"]
[Black "Hergott, Deen"]
[Result "1/2-1/2"]
[WhiteElo "2395"]
[BlackElo "2320"]
[PlyCount "59"]
[EventDate "1988.12.??"]
[EventType "swiss"]
[EventRounds "9"]
[EventCountry "NED"]

1. d4 e6 2. e4 d5 3. Nc3 Nf6 4. e5 Nfd7 5. f4 c5 6. Nf3 Nc6 7. Be3 a6 8. Qd2 b5
9. dxc5 Bxc5 10. Ne2 Qb6 11. Ned4 f6 12. exf6 Nxf6 13. O-O-O Ne4 14. Qe1 O-O
15. Kb1 b4 16. Ka1 a5 17. Nxc6 Qxc6 18. Bd3 Bxe3 19. Qxe3 a4 20. Ne5 Qc5 21.
Qxc5 Nxc5 22. g3 Ba6 23. Rhe1 Rfc8 24. Kb1 Bxd3 25. Nxd3 Nxd3 26. Rxd3 Kf7 27.
Rd4 Rab8 28. Re3 Rc5 29. h4 h5 30. b3 1/2-1/2

[Event "Olympiad"]
[Site "Thessaloniki GRE"]
[Date "1988.11.15"]
[Round "3"]
[White "Hergott, Deen"]
[Black "Kudrin, Sergey"]
[Result "1-0"]
[WhiteElo "2365"]
[BlackElo "2545"]
[PlyCount "175"]
[EventDate "1988.11.13"]
[EventType "team"]
[EventRounds "14"]
[EventCountry "GRE"]

1. d4 Nf6 2. c4 g6 3. Nc3 d5 4. Bf4 Bg7 5. e3 c5 6. dxc5 Qa5 7. Rc1 Ne4 8. Nge2
Nc6 9. cxd5 Nb4 10. a3 Na2 11. b4 Qxa3 12. Nxa2 Qxa2 13. f3 Nf6 14. e4 O-O 15.
Be5 Qa3 16. Qd4 Nh5 17. Bxg7 Nxg7 18. Ra1 Qb3 19. Nc1 Qc2 20. Rg1 e5 21. Qxe5
Re8 22. Qd4 Nf5 23. Qd2 Rxe4+ 24. fxe4 Qxe4+ 25. Kf2 Nd4 26. Bd3 Qh4+ 27. g3
Qxh2+ 28. Rg2 Qh5 29. Qf4 Qxd5 30. Ne2 Nxe2 31. Bxe2 Be6 32. Bf3 Qb3 33. Rd1
Re8 34. Kg1 a5 35. bxa5 Qa3 36. Bxb7 Qxc5+ 37. Qd4 Qxa5 38. Re2 Qc7 39. Bd5
Qxg3+ 40. Rg2 Qd6 41. Bxe6 Qxe6 42. Rf2 Qb3 43. Rd3 Qb1+ 44. Kg2 Rf8 45. Qd5
Qb4 46. Rd4 Qb6 47. Rdf4 Qc7 48. Rc4 Qb8 49. Re4 Qc7 50. Rb4 Qc8 51. Rb7 Qe8
52. Rd7 Kg7 53. Qd4+ Kg8 54. Qd5 Kg7 55. Ra7 Kg8 56. Rb7 Kg7 57. Rc7 Kg8 58.
Ra7 Kg7 59. Qd4+ Kg8 60. Qd5 Kg7 61. Kf1 Kg8 62. Rd7 Kg7 63. Rc7 Kg8 64. Rf4
Kg7 65. Kf2 Kg8 66. Rf6 Kg7 67. Qd4 Kg8 68. Qc4 Kg7 69. Qc3 Kg8 70. Rfc6 Qe4
71. Rc8 Qf4+ 72. Ke1 Qe4+ 73. Kd2 Qf4+ 74. Kc2 Qf5+ 75. Kb2 Qb5+ 76. Kc1 Qg5+
77. Kb2 Qb5+ 78. Ka3 Qd5 79. Kb4 Qe4+ 80. Ka3 Qd5 81. Rc5 Qd6 82. Kb2 Qh2+ 83.
Kb3 Qf4 84. Rxf8+ Kxf8 85. Qh8+ Ke7 86. Re5+ Kd7 87. Qe8+ Kd6 88. Qb8+ 1-0

[Event "Olympiad"]
[Site "Thessaloniki GRE"]
[Date "1988.11.19"]
[Round "6"]
[White "Sarapu, Ortvin"]
[Black "Hergott, Deen"]
[Result "0-1"]
[WhiteElo "2335"]
[BlackElo "2365"]
[PlyCount "64"]
[EventDate "1988.11.13"]
[EventType "team"]
[EventRounds "14"]
[EventCountry "GRE"]

1. e4 e6 2. d4 d5 3. Nd2 Nf6 4. e5 Nfd7 5. Ngf3 c5 6. c3 Nc6 7. Bd3 Qb6 8. O-O
cxd4 9. cxd4 Be7 10. Qe2 g5 11. h3 h5 12. Nb3 g4 13. hxg4 hxg4 14. Ng5 Nxd4 15.
Qxg4 Nxb3 16. axb3 Nxe5 17. Qe2 Nxd3 18. Qxd3 Bd7 19. Be3 Qd6 20. f4 Bxg5 21.
fxg5 Qh2+ 22. Kf2 Rh3 23. Rh1 Qg3+ 24. Kg1 Rxh1+ 25. Kxh1 Bc6 26. Qd2 d4 27.
Bf4 Bxg2+ 28. Qxg2 Qxf4 29. Qxb7 Rb8 30. Qc6+ Kf8 31. Rxa7 Rxb3 32. Ra3 Qf1+
0-1

[Event "Olympiad"]
[Site "Thessaloniki GRE"]
[Date "1988.11.20"]
[Round "7"]
[White "Hergott, Deen"]
[Black "Wong Meng Kong"]
[Result "1/2-1/2"]
[WhiteElo "2365"]
[BlackElo "2305"]
[PlyCount "120"]
[EventDate "1988.11.13"]
[EventType "team"]
[EventRounds "14"]
[EventCountry "GRE"]

1. d4 Nf6 2. c4 e6 3. Nf3 b6 4. Nc3 Bb4 5. Bg5 h6 6. Bh4 Bxc3+ 7. bxc3 d6 8. e3
Nbd7 9. Be2 Bb7 10. O-O g5 11. Bg3 Ne4 12. Qc2 f5 13. d5 Ndc5 14. Nd4 O-O 15.
f3 Nxg3 16. hxg3 Qf6 17. g4 Qe5 18. dxe6 fxg4 19. Qg6+ Qg7 20. Qxg7+ Kxg7 21.
fxg4 Rae8 22. Rxf8 Rxf8 23. Bf3 Be4 24. Bxe4 Nxe4 25. Nb5 Re8 26. Nxc7 Re7 27.
Nb5 Rxe6 28. Nxa7 Nxc3 29. Nc8 d5 30. cxd5 Nxd5 31. Rb1 Kf6 32. e4 Rxe4 33.
Nxb6 Nf4 34. g3 Ne2+ 35. Kf2 Nc3 36. Rb3 Nxa2 37. Kf3 Rd4 38. Ra3 Nb4 39. Ra7
Nc6 40. Ra6 Ke6 41. Na4 Kd6 42. Nb2 Kd5 43. Ra4 Ne5+ 44. Ke2 Rxa4 45. Nxa4 Kd4
46. Nb6 Nxg4 47. Nc8 h5 48. Nd6 Nh6 49. Kf3 Ke5 50. Nc4+ Ke6 51. Ne3 Nf7 52.
Nc2 Nd6 53. Nd4+ Kd5 54. Nc2 Nc4 55. Nb4+ Kd4 56. Nc6+ Kc5 57. Ne7 Kd6 58. Nf5+
Ke5 59. Ng7 Nd2+ 60. Kg2 h4 1/2-1/2